វាយតំលៃប្រសិទិ្ធភាពនៃការប្រើប្រាស់ថ្នាំពុលនិងវិធានការណ៍ដ៏ទៃទៀតលើដំណាំបន្លែដែលអនុវត្ដដោយកសិករនៅខេត្ដកំពង់ស្ពឺ (Record no. 267)
[ view plain ]
| 000 -LEADER | |
|---|---|
| fixed length control field | 00690nam a22001577a 4500 |
| 003 - CONTROL NUMBER IDENTIFIER | |
| control field | OSt |
| 005 - DATE AND TIME OF LATEST TRANSACTION | |
| control field | 20150911143028.0 |
| 008 - FIXED-LENGTH DATA ELEMENTS--GENERAL INFORMATION | |
| fixed length control field | 150911b xxu||||| |||| 00| 0 eng d |
| 040 ## - CATALOGING SOURCE | |
| Transcribing agency | RUA |
| 082 ## - DEWEY DECIMAL CLASSIFICATION NUMBER | |
| Classification number | AGR ឆៃ 1995 B014 Or.1 |
| 100 ## - MAIN ENTRY--PERSONAL NAME | |
| 9 (RLIN) | 288 |
| Personal name | ឆៃ សេង |
| 245 ## - TITLE STATEMENT | |
| Title | វាយតំលៃប្រសិទិ្ធភាពនៃការប្រើប្រាស់ថ្នាំពុលនិងវិធានការណ៍ដ៏ទៃទៀតលើដំណាំបន្លែដែលអនុវត្ដដោយកសិករនៅខេត្ដកំពង់ស្ពឺ |
| 260 ## - PUBLICATION, DISTRIBUTION, ETC. (IMPRINT) | |
| Place of publication, distribution, etc. | Phnom Penh |
| Name of publisher, distributor, etc. | RUA |
| Date of publication, distribution, etc. | 1995 |
| 300 ## - PHYSICAL DESCRIPTION | |
| Extent | 100p. |
| Other physical details | ill. |
| Dimensions | 29cm. |
| 942 ## - ADDED ENTRY ELEMENTS (KOHA) | |
| Source of classification or shelving scheme | |
| Koha item type | AGR |
| Price effective from | Date last seen | Permanent Location | Not for loan | Date acquired | Source of classification or shelving scheme | Koha item type | Barcode | Lost status | Damaged status | Shelving location | Withdrawn status | Current Location | Full call number |
|---|---|---|---|---|---|---|---|---|---|---|---|---|---|
| 2015-09-11 | 2015-09-11 | Library Block B | 2015-09-11 | AGR | RUA003627 | B014 | Library Block B | AGR ឆៃ 1995 B014 Or.1 | |||||
| 2015-09-11 | 2015-09-11 | Library Block B | 2015-09-11 | AGR | RUA006815 | B014 | Library Block B | AGR ឆៃ 1995 B014 Or.2 | |||||
| 2015-09-11 | 2015-09-11 | Library Block B | 2015-09-11 | AGR | RUA003841 | B014 | Library Block B | AGR ឆៃ 1995 B014 Or.3 | |||||
| 2015-09-11 | 2015-09-11 | Library Block B | 2015-09-11 | AGR | RUA006376 | B014 | Library Block B | AGR ឆៃ 1995 B014 Or.4 | |||||
| 2015-09-11 | 2015-09-11 | Library Block B | 2015-09-11 | AGR | RUA003769 | B014 | Library Block B | AGR ឆៃ 1995 B014 Or.5 | |||||
| 2015-09-11 | 2015-09-11 | Library Block B | 2015-09-11 | AGR | RUA003699 | B014 | Library Block B | AGR ឆៃ 1995 B014 Or.6 |